000 00609nam a2200241Ia 4500
003 OSt
005 20220925174202.0
006 a|||||r|||| 00| 0
007 ta
008 220923b |||||||| |||| 00| 0 eng d
037 _cGeneral Book
040 _aRTL
_cRTL
_beng
041 _2eng
_aeng
082 _aV2:1.N5, H9;L0
100 _aDutt R Palme
245 0 _aIndia to-day
250 _a2nd
260 _aCalcutta
_bIndia
_c1970
300 _axxii,662p.
_ccm.
650 _aIndian History
942 _hV2:1.N5, H9;L0
_cGB
_2CC
999 _c490271
_d490271